Normal view
MARC view
- WALLIN, J. E WALLACE
Entry Personal Name
001 - CONTROL NUMBER
- control field: 60596
003 - CONTROL NUMBER IDENTIFIER
- control field: NUST
005 - DATE AND TIME OF LATEST TRANSACTION
- control field: 20210628202559.0
008 - FIXED-LENGTH DATA ELEMENTS
- fixed length control field: 210628|| aca||aabn | a|a d
040 ## - CATALOGING SOURCE
- Original cataloging agency: NUST
- Transcribing agency: NUST
100 ## - HEADING--PERSONAL NAME
- Personal name: WALLIN, J. E WALLACE
670 ## - SOURCE DATA FOUND
- Source citation: Work cat.: (NUST): WALLIN, J. E WALLACE, PERSONALITY MALADJUSTMENTS AND MENTAL HYGIENE A TEXTBOOK FOR PSYCHOLOGIST EDUCATIONS COUNSELORS AND MENTAL HYGIENE WORKER'S, 1935
